| 000 | 00813nmc a2200301 a 4500 | ||
|---|---|---|---|
| 003 | AR-BaBNM | ||
| 005 | 20251128204451.0 | ||
| 008 | 037019s1990 ||||||||||||||000 | spa|| | ||
| 020 | _a950-07-0611-3 | ||
| 040 | _cAR-BaBNM | ||
| 100 | 1 | _aPescetti, Luis MarĂa | |
| 245 | 1 | 0 | _aNaranjas y marcianos |
| 260 |
_aBuenos Aires _bSudamericana _c1990 |
||
| 300 |
_a14 p. _bil. |
||
| 490 | 0 |
_aLibros del bolsillo _vv. 1 |
|
| 500 | _aContiene nota de la editora a los lectores | ||
| 650 | 4 | _aCUENTO INFANTIL | |
| 650 | 4 | _aLITERATURA ARGENTINA | |
| 650 | 4 | _aLITERATURA INFANTIL | |
| 650 | 4 | _aLIBROS PARA NINOS | |
| 650 | 4 | _aLITERATURA DE FICCION | |
| 653 | _aRELATO DE AVENTURAS | ||
| 655 | _aLITERATURA | ||
| 700 | 1 |
_aElizalde, Marcelo _eilustrador |
|
| 800 | 0 | _aCanela | |
| 942 | _cBK | ||
| 998 | _cLAURA | ||
| 999 |
_c7537 _d7537 |
||